[Event "Open A 2011"]
[Site "Panevezys"]
[Date "2011.08.09"]
[Round "1.2"]
[White "Pietinen, Pekka"]
[Black "Sakalauskas, Vaidas"]
[Result "0-1"]
[WhiteElo "2005"]
[BlackElo "2404"]
[PlyCount "62"]
[EventDate "2011.08.09"]

1. e4 d6 2. d4 Nf6 3. f3 Nbd7 4. c4 e5 5. Ne2 Be7 6. Nbc3 O-O 7. Be3 c6 8. Qd2
a6 9. Nc1 b5 10. d5 cxd5 11. Nxd5 Nxd5 12. cxd5 f5 13. Bd3 fxe4 14. fxe4 Nf6
15. h3 Nh5 16. Ne2 Bh4+ 17. Kd1 Bf2 18. Kc2 Qc7+ 19. Kd1 Bxe3 20. Qxe3 Bd7 21.
Rc1 Qa5 22. Bb1 Nf4 23. Nxf4 Rxf4 24. Rc2 Raf8 25. Re1 Be8 26. Qc3 Qd8 27. Qg3
Bh5+ 28. Kc1 Rf1 29. b3 Qb6 30. Rc3 Qg1 31. Rce3 R8f2 0-1

[Event "Open A 2011"]
[Site "Panevezys"]
[Date "2011.08.09"]
[Round "1.3"]
[White "Narmontas, Matas"]
[Black "Beinoraite, Viktorija"]
[Result "1-0"]
[WhiteElo "2387"]
[BlackElo "2001"]
[PlyCount "59"]
[EventDate "2011.08.09"]

1. e4 e6 2. Nf3 c5 3. d4 d5 4. exd5 exd5 5. Bb5+ Nc6 6. O-O Bd6 7. dxc5 Bxc5 8.
Nbd2 Nge7 9. Nb3 Bd6 10. h3 O-O 11. c3 Qc7 12. Nbd4 a6 13. Bd3 Ng6 14. Re1 Bd7
15. Be3 Nce5 16. Nxe5 Nxe5 17. Bc2 Rfe8 18. Nf5 Bxf5 19. Bxf5 Qc6 20. Bd4 Ng6
21. Qf3 Rxe1+ 22. Rxe1 Re8 23. Rxe8+ Qxe8 24. g3 Qb5 25. Bd3 Qc6 26. Qf5 b5 27.
h4 Bc7 28. Qc8+ Nf8 29. Be5 Qe6 30. Qxc7 1-0

[Event "Open A 2011"]
[Site "Panevezys"]
[Date "2011.08.09"]
[Round "1.4"]
[White "Novikovas, Anatolijus"]
[Black "Beinoras, Mindaugas"]
[Result "0-1"]
[WhiteElo "1979"]
[BlackElo "2331"]
[PlyCount "130"]
[EventDate "2011.08.09"]

1. e4 e5 2. Nf3 Nc6 3. Bc4 Nf6 4. Ng5 d5 5. exd5 Na5 6. Bb5+ c6 7. dxc6 bxc6 8.
Be2 h6 9. Nh3 g5 10. d3 Bc5 11. Nc3 Nb7 12. Bf3 g4 13. Bxc6+ Kf8 14. Ng1 Qb6
15. Be4 Bxf2+ 16. Kf1 Bd4 17. Nge2 Be6 18. Na4 Qc7 19. c3 Bb6 20. Nxb6 axb6 21.
Be3 Nxe4 22. dxe4 Nd6 23. Ng3 h5 24. Qc2 h4 25. Nf5 Bxf5 26. exf5 h3 27. Rg1
Rh5 28. Qe2 Nxf5 29. Bf2 Nh6 30. gxh3 Rxh3 31. Bg3 Nf5 32. Qe4 Nxg3+ 33. Rxg3
Rd8 34. Qxg4 Rxg3 35. hxg3 Rd2 36. Qb4+ Ke8 37. Qa4+ Ke7 38. Qb4+ Qd6 39. Qxd6+
Kxd6 40. b4 Rc2 41. Rd1+ Ke6 42. Rd3 Rxa2 43. Rd8 Rc2 44. Rb8 Rxc3 45. Rxb6+
Kf5 46. Kf2 Rb3 47. b5 f6 48. Rb8 Ke4 49. b6 Rb2+ 50. Kg1 Kf3 51. b7 e4 52. Rf8
Rxb7 53. Rxf6+ Ke2 54. Kg2 e3 55. g4 Rd7 56. Ra6 Ke1 57. g5 e2 58. Ra2 Kd1 59.
Ra1+ Kd2 60. Ra2+ Ke3 61. Ra3+ Rd3 62. Ra1 Rd1 63. Ra3+ Kf4 64. Ra4+ Kxg5 65.
Ra5+ Kf6 0-1

[Event "Open A 2011"]
[Site "Panevezys"]
[Date "2011.08.09"]
[Round "1.5"]
[White "Khamitskiy, Sergei"]
[Black "Apanaviciute, Kristina"]
[Result "1-0"]
[WhiteElo "2316"]
[BlackElo "1974"]
[PlyCount "153"]
[EventDate "2011.08.09"]

1. d4 Nf6 2. c4 e6 3. g3 Bb4+ 4. Nd2 O-O 5. Bg2 c6 6. Ngf3 d5 7. Qc2 Nbd7 8.
O-O Re8 9. Rd1 Bf8 10. e4 dxe4 11. Nxe4 Nxe4 12. Qxe4 Nf6 13. Qc2 h6 14. Bf4
Bd6 15. Bxd6 Qxd6 16. c5 Qc7 17. Ne5 Nd5 18. Rab1 b5 19. cxb6 axb6 20. b4 Bb7
21. a4 Rec8 22. Nc4 b5 23. Nb2 Nxb4 24. Qb3 Nd5 25. Bxd5 exd5 26. axb5 cxb5 27.
Qxb5 Bc6 28. Qf1 Ra2 29. Nd3 Ra5 30. Rdc1 Qa7 31. Qh3 Rc7 32. Rc5 Bd7 33. Qh5
Ra1 34. Qd1 Rxb1 35. Qxb1 Rb7 36. Qd1 Qa2 37. Rc2 Rb1 38. Rc1 Rxc1 39. Qxc1 Qe2
40. Nf4 Qe4 41. Qe3 Qb1+ 42. Kg2 Bb5 43. h4 Bf1+ 44. Kh2 Qf5 45. Kg1 Bb5 46. h5
Qg5 47. Kg2 Qf5 48. Qe5 Qxe5 49. dxe5 Bc4 50. Kf3 Kh7 51. Ke3 Kg8 52. Kd4 Kf8
53. f3 Bb3 54. Nxd5 Bd1 55. Ke4 Ke8 56. g4 Kd7 57. Ne3 Ba4 58. Nf5 Bc6+ 59. Kf4
g5+ 60. hxg6 fxg6 61. Nxh6 Ke6 62. g5 Bd5 63. Ng4 Bb7 64. Ne3 Bc6 65. Ng2 Bd5
66. Ne3 Bc6 67. Nc2 Ba4 68. Nb4 Bb5 69. Ke4 Ba4 70. f4 Bb3 71. Ke3 Kf5 72. Nc6
Bf7 73. Nd4+ Kg4 74. e6 Be8 75. Ke4 Kg3 76. Ke5 Kg4 77. e7 1-0

[Event "Open A 2011"]
[Site "Panevezys"]
[Date "2011.08.09"]
[Round "1.6"]
[White "Milasevicius, Jonas"]
[Black "Kudzma, Laimonas"]
[Result "1-0"]
[WhiteElo "1952"]
[BlackElo "2187"]
[PlyCount "117"]
[EventDate "2011.08.09"]

1. d4 Nf6 2. Nf3 c5 3. c3 d5 4. e3 e6 5. Bd3 Nbd7 6. O-O b6 7. Qe2 Bb7 8. Nbd2
Ne4 9. c4 Be7 10. cxd5 exd5 11. Rd1 O-O 12. Nf1 Ndf6 13. Bd2 c4 14. Bc2 b5 15.
a3 Re8 16. Ne5 Bd6 17. f4 Nxd2 18. Nxd2 Qe7 19. Rf1 a5 20. g4 Nd7 21. Rf3 Nf8
22. g5 Bxe5 23. dxe5 d4 24. exd4 Qd7 25. Qf2 Bxf3 26. Nxf3 Qg4+ 27. Qg3 Qxg3+
28. hxg3 b4 29. Be4 Rab8 30. Rc1 Rec8 31. Bf5 Rc7 32. d5 bxa3 33. bxa3 Rb3 34.
Nd4 Rxg3+ 35. Kf2 Rxa3 36. Nb5 Ra2+ 37. Ke3 Rb7 38. Nc3 Rh2 39. d6 a4 40. Nxa4
Rb3+ 41. Nc3 g6 42. Bc8 Rb8 43. Nd5 Rb3+ 44. Kd4 Rd2+ 45. Kxc4 Rbd3 46. Nf6+
Kg7 47. Kc5 Rd4 48. f5 gxf5 49. Bxf5 Ne6+ 50. Bxe6 fxe6 51. Rh1 Kg6 52. Rxh7
Kxg5 53. Kc6 Re2 54. Rh5+ Kg6 55. Kd7 Rf4 56. Ke7 Rf5 57. d7 Rd2 58. Rh2 Rd1
59. Rg2+ 1-0

[Event "Open A 2011"]
[Site "Panevezys"]
[Date "2011.08.09"]
[Round "1.7"]
[White "Zanetti, Alberto"]
[Black "Vanagaite, Giedre"]
[Result "0-1"]
[WhiteElo "2183"]
[BlackElo "1942"]
[PlyCount "140"]
[EventDate "2011.08.09"]

1. e4 c5 2. Nf3 e6 3. b4 cxb4 4. d4 d5 5. e5 Ne7 6. Bd3 Nbc6 7. a3 Ng6 8. O-O
Be7 9. axb4 Nxb4 10. Be2 O-O 11. c3 Nc6 12. Bd3 a5 13. Ba3 b6 14. Bxe7 Ncxe7
15. Na3 Ba6 16. Bxa6 Rxa6 17. Rb1 Ra8 18. g3 Rb8 19. h4 Nc6 20. Qd3 Na7 21. Ng5
h6 22. Nxe6 Nxe5 23. dxe5 fxe6 24. Nc2 Qd7 25. f4 b5 26. Nd4 Rb6 27. g4 Qe7 28.
Qg3 Nc6 29. Nxc6 Rxc6 30. Rxb5 Qa3 31. Rf3 Rfc8 32. c4 Qa1+ 33. Rf1 Qd4+ 34.
Qf2 Qxf2+ 35. Rxf2 dxc4 36. Rxa5 c3 37. Ra1 Rd8 38. Kg2 Rc4 39. Rc1 Rd2 40.
Rxd2 cxd2 41. Rd1 Rxf4 42. Rxd2 Rxg4+ 43. Kf3 Rxh4 44. Rd8+ Kf7 45. Rd7+ Kg6
46. Re7 Kf5 47. Rxg7 Kxe5 48. Ra7 Kf6 49. Kg3 Rh1 50. Kg2 Rh5 51. Kg3 e5 52.
Kg4 Rg5+ 53. Kf3 h5 54. Ra8 Rg4 55. Re8 Kf5 56. Rf8+ Kg5 57. Rg8+ Kh4 58. Rh8
Rg5 59. Ra8 Kh3 60. Kf2 h4 61. Rh8 e4 62. Rh7 Rg4 63. Rh8 Kh2 64. Re8 h3 65.
Re7 Kh1 66. Rf7 h2 67. Rf8 e3+ 68. Kf1 e2+ 69. Kf2 e1=Q+ 70. Kxe1 Kg2 0-1

[Event "Open A 2011"]
[Site "Panevezys"]
[Date "2011.08.09"]
[Round "1.9"]
[White "Juknis, Paulius"]
[Black "Barsciauskas, Gintautas"]
[Result "1-0"]
[WhiteElo "2140"]
[BlackElo "1854"]
[PlyCount "57"]
[EventDate "2011.08.09"]

1. e4 e5 2. Nf3 d6 3. d4 exd4 4. Nxd4 Nf6 5. Nc3 Be7 6. g3 c5 7. Nde2 Nc6 8.
Bg2 O-O 9. O-O a6 10. b3 Rb8 11. Bb2 b5 12. Nf4 Re8 13. Ncd5 Nxd5 14. Nxd5 Bf8
15. Qd2 Ne7 16. Nf4 Ng6 17. Nd5 Ne7 18. Ne3 Ng6 19. Rfe1 Qg5 20. f4 Qd8 21.
Rad1 Qb6 22. Kh1 Qa7 23. Nf5 Bxf5 24. exf5 Nh8 25. f6 gxf6 26. Bxf6 Ng6 27. f5
Be7 28. Rxe7 Rxe7 29. Qh6 1-0

[Event "Open A 2011"]
[Site "Panevezys"]
[Date "2011.08.09"]
[Round "1.10"]
[White "Janulynas, Jonas"]
[Black "Bieliauskas, Marius"]
[Result "0-1"]
[WhiteElo "1814"]
[BlackElo "2137"]
[PlyCount "82"]
[EventDate "2011.08.09"]

1. e4 c5 2. Nf3 d6 3. d4 cxd4 4. Nxd4 Nf6 5. Nc3 a6 6. Bg5 e6 7. f4 Qb6 8. Qd2
Qxb2 9. Rb1 Qa3 10. Be2 Be7 11. O-O Qa5 12. f5 e5 13. Nb3 Qb6+ 14. Kh1 Nbd7 15.
a4 h6 16. Be3 Qd8 17. a5 Nc5 18. Bc4 O-O 19. Nxc5 dxc5 20. Bxh6 Ng4 21. Qxd8
Bxd8 22. Bc1 Bxa5 23. Nd5 Bd8 24. Nb6 Bxb6 25. Rxb6 Nf6 26. Bd5 Nd7 27. Rb3 Nf6
28. Rd1 Ra7 29. Ba3 Nd7 30. c4 b5 31. cxb5 axb5 32. Bc6 b4 33. Bb2 Rc7 34. Bxd7
Rxd7 35. Rbd3 Rxd3 36. Rxd3 c4 37. Rd5 c3 38. Bc1 b3 39. Rxe5 b2 40. Bxb2 cxb2
41. Rb5 Rd8 0-1

[Event "Open A 2011"]
[Site "Panevezys"]
[Date "2011.08.09"]
[Round "1.11"]
[White "Stalemekas, Ernestas"]
[Black "Cernavina, Ksenija"]
[Result "1-0"]
[WhiteElo "2131"]
[BlackElo "1788"]
[PlyCount "103"]
[EventDate "2011.08.09"]

1. d4 e6 2. c4 f5 3. g3 Nf6 4. Bg2 d5 5. Nh3 c6 6. b3 Bd6 7. O-O O-O 8. Bf4 Be7
9. Nd2 Nbd7 10. f3 Nh5 11. e4 g5 12. Bxg5 Bxg5 13. f4 Bxf4 14. gxf4 Nhf6 15.
Ng5 Qe8 16. e5 Ne4 17. Ndxe4 dxe4 18. d5 Nc5 19. Qd4 Nd3 20. dxe6 Bxe6 21. Qd6
Bf7 22. e6 Bh5 23. e7 Rf7 24. Nxf7 Kxf7 25. Qh6 Kxe7 26. Qg5+ Ke6 27. Qh6+ Bg6
28. Bxe4 Kf7 29. Bxd3 Qe3+ 30. Rf2 Qxd3 31. Re1 Rd8 32. Qg5 Rd7 33. h4 Qc3 34.
Rfe2 Qf3 35. Re3 Qg4+ 36. Qxg4 fxg4 37. Kg2 h5 38. Re5 Kf6 39. a3 Rd2+ 40. Kg3
Rd3+ 41. R1e3 Rd7 42. b4 Bf5 43. Re8 Bg6 44. R8e6+ Kf7 45. c5 Bf5 46. Rd6 Rc7
47. Re5 Bg6 48. f5 Bh7 49. Rh6 Kg7 50. Rxh5 Rd7 51. Kxg4 Rd4+ 52. Kg5 1-0

[Event "Open A 2011"]
[Site "Panevezys"]
[Date "2011.08.09"]
[Round "1.13"]
[White "Ottolini, Graziano"]
[Black "Zito, Riccardo"]
[Result "1-0"]
[WhiteElo "2049"]
[BlackElo "1730"]
[PlyCount "63"]
[EventDate "2011.08.09"]

1. c4 Nf6 2. Nc3 g6 3. d4 Bg7 4. g3 O-O 5. Bg2 c6 6. Nf3 d6 7. O-O Re8 8. b3
Nbd7 9. Bb2 d5 10. Rc1 Qb6 11. cxd5 cxd5 12. Qd3 a6 13. Rfe1 Qd6 14. Na4 Nf8
15. Ne5 Bf5 16. Qd2 N8d7 17. Qa5 Bh6 18. e3 b6 19. Qd2 Rec8 20. Rxc8+ Rxc8 21.
Rc1 Rxc1+ 22. Qxc1 Nf8 23. Ba3 Qe6 24. Nc6 Be4 25. Nxe7+ Kg7 26. Qc8 Bxg2 27.
Qxe6 fxe6 28. Kxg2 N8d7 29. Nc8 b5 30. Nc5 Kf7 31. Nd6+ Ke7 32. Nxa6 1-0

[Event "Open A 2011"]
[Site "Panevezys"]
[Date "2011.08.10"]
[Round "2.1"]
[White "Bieliauskas, Marius"]
[Black "Krivonosov, Oleg"]
[Result "0-1"]
[WhiteElo "2137"]
[BlackElo "2448"]
[PlyCount "106"]
[EventDate "2011.08.09"]

1. d4 d5 2. c4 e6 3. Nf3 Nf6 4. Nc3 Be7 5. Bg5 h6 6. Bxf6 Bxf6 7. e3 O-O 8. Rc1
c6 9. Bd3 Nd7 10. O-O dxc4 11. Bxc4 e5 12. h3 exd4 13. exd4 Re8 14. Qb3 Rf8 15.
Qc2 Re8 16. Rfe1 Nf8 17. Rxe8 Qxe8 18. Re1 Be6 19. d5 cxd5 20. Nxd5 Qd8 21. Qb3
Rb8 22. Nxf6+ Qxf6 23. Ne5 Bxc4 24. Nxc4 Ng6 25. Qa4 a6 26. Re8+ Rxe8 27. Qxe8+
Kh7 28. a4 Qd4 29. Qe2 Nf4 30. Qc2+ g6 31. Ne3 Kg7 32. Qb3 Qd2 33. Qc4 Qe1+ 34.
Qf1 Ne2+ 35. Kh2 Qxf1 36. Nxf1 Kf6 37. Ne3 h5 38. g3 Ke5 39. Kg2 Nc1 40. Kf3
Nd3 41. Nc4+ Kd5 42. b3 Nc5 43. Kf4 Nxb3 44. Ne5 Ke6 45. Nd3 b5 46. axb5 axb5
47. Nb4 Nc5 48. h4 f6 49. f3 Kd6 50. Ke3 Ne6 51. g4 Kc5 52. Nc2 f5 53. gxh5
gxh5 0-1

[Event "Open A 2011"]
[Site "Panevezys"]
[Date "2011.08.10"]
[Round "2.2"]
[White "Sakalauskas, Vaidas"]
[Black "Juknis, Paulius"]
[Result "1/2-1/2"]
[WhiteElo "2404"]
[BlackElo "2140"]
[PlyCount "158"]
[EventDate "2011.08.09"]

1. d4 Nf6 2. c4 c5 3. d5 b5 4. cxb5 a6 5. bxa6 g6 6. Nc3 Bxa6 7. g3 d6 8. Bg2
Bg7 9. Nf3 O-O 10. O-O Nbd7 11. Rb1 Qa5 12. Bd2 Rfb8 13. Qc2 Ng4 14. a4 Qb6 15.
b3 Nge5 16. Nxe5 Nxe5 17. Rfe1 Bc8 18. h3 c4 19. b4 Bf5 20. e4 Bd7 21. Be3 Qa6
22. b5 Qa5 23. Ne2 Nd3 24. Red1 Qxa4 25. Qxa4 Rxa4 26. b6 Bc8 27. Nd4 Bxd4 28.
Bxd4 Bb7 29. Bf1 Ra3 30. Rd2 Rc8 31. Rc2 f6 32. h4 Ba6 33. Rc3 Rxc3 34. Bxc3
Bb7 35. Ra1 Ra8 36. Ra7 Rxa7 37. bxa7 Kf7 38. Bh3 Nc5 39. Bc8 Ba8 40. f3 Ke8
41. Ba5 Nb7 42. Bb4 Kd8 43. Bh3 Kc7 44. Bf1 Kb6 45. Bxc4 Kxa7 46. Bb5 Kb8 47.
Be8 Nd8 48. Ba5 Kc8 49. h5 gxh5 50. Bxh5 f5 51. Kf2 Nb7 52. Bb6 Nc5 53. Ke3 Kd7
54. Bf7 fxe4 55. fxe4 e5 56. Bg8 h6 57. Kf3 Ke7 58. Bh7 Bb7 59. Ba5 Bc8 60. Bg6
Kf6 61. Be8 Nb7 62. Bd2 Kg7 63. g4 Nc5 64. Bb4 Kf6 65. Be1 Ba6 66. Bh4+ Kg7 67.
Be7 Nb7 68. Ke3 Kg8 69. Bg6 Kg7 70. Bf5 Kf7 71. Bh4 Nc5 72. Be1 Bb5 73. Bb4 Ba4
74. Ke2 Bc2 75. Ke3 Ba4 76. Ba5 Bd7 77. Bxd7 Nxd7 78. Kf3 Nf6 79. Bb4 Ne8
1/2-1/2

[Event "Open A 2011"]
[Site "Panevezys"]
[Date "2011.08.10"]
[Round "2.4"]
[White "Beinoras, Mindaugas"]
[Black "Stalemekas, Ernestas"]
[Result "1-0"]
[WhiteElo "2331"]
[BlackElo "2131"]
[PlyCount "57"]
[EventDate "2011.08.09"]

1. d4 Nf6 2. c4 g6 3. Nc3 Bg7 4. e4 d6 5. f3 O-O 6. Be3 Nbd7 7. Qd2 c5 8. Nh3
Qa5 9. Be2 cxd4 10. Bxd4 Ne5 11. Nf2 Be6 12. Nd5 Qxd2+ 13. Kxd2 Nxd5 14. exd5
Nxf3+ 15. Bxf3 Bxd4 16. dxe6 Bxf2 17. exf7+ Kxf7 18. Rhf1 Bd4 19. Bxb7+ Kg7 20.
Bxa8 Rxa8 21. Rae1 e5 22. Rf3 a5 23. b3 a4 24. b4 a3 25. Ref1 Rb8 26. Rb3 g5
27. Kd3 Bb2 28. b5 Rc8 29. b6 1-0

[Event "Open A 2011"]
[Site "Panevezys"]
[Date "2011.08.10"]
[Round "2.6"]
[White "Tsiganova, Monika"]
[Black "Ottolini, Graziano"]
[Result "1-0"]
[WhiteElo "2161"]
[BlackElo "2049"]
[PlyCount "94"]
[EventDate "2011.08.09"]

1. d4 d5 2. c4 e6 3. cxd5 exd5 4. Nc3 c6 5. Qc2 Nf6 6. Bg5 Be7 7. e3 Nbd7 8.
Bd3 Qa5 9. Nge2 O-O 10. O-O Re8 11. a3 Nf8 12. b4 Qd8 13. b5 h6 14. Bh4 Bg4 15.
f3 Bh5 16. bxc6 bxc6 17. Na4 Bg6 18. Nf4 Bxd3 19. Nxd3 Ng6 20. Bf2 Rc8 21. Rfc1
Bd6 22. Nac5 Nh7 23. Rab1 Qg5 24. f4 Qf6 25. Ne5 Nhf8 26. Rb7 Rc7 27. Rxc7 Bxc7
28. Na6 Bd6 29. Qxc6 Rd8 30. Nb4 Ne7 31. Qb5 Ne6 32. Nec6 Nc7 33. Qa5 Ra8 34.
Nxe7+ Qxe7 35. Nxd5 Nxd5 36. Qxd5 Rb8 37. a4 Rb2 38. e4 g6 39. e5 Ba3 40. Rd1
Qb4 41. Qa8+ Kg7 42. Bh4 g5 43. fxg5 Rd2 44. gxh6+ Kxh6 45. Qh8+ Kg6 46. Qf6+
Kh7 47. Qxf7+ Kh6 1-0

[Event "Open A 2011"]
[Site "Panevezys"]
[Date "2011.08.10"]
[Round "2.7"]
[White "Vaitonis, Vytautas"]
[Black "Milasevicius, Jonas"]
[Result "1/2-1/2"]
[WhiteElo "2013"]
[BlackElo "1952"]
[PlyCount "34"]
[EventDate "2011.08.09"]

1. Nf3 d5 2. d4 Nf6 3. c4 e6 4. g3 c6 5. Bg2 dxc4 6. Ne5 Bb4+ 7. Kf1 Nbd7 8.
Nxc4 O-O 9. a3 Be7 10. Nc3 Nd5 11. Bf3 b5 12. Ne3 N7f6 13. Kg2 a5 14. Nc2 Bb7
15. Nxd5 cxd5 16. Bf4 Qb6 17. h4 Rac8 1/2-1/2

[Event "Open A 2011"]
[Site "Panevezys"]
[Date "2011.08.10"]
[Round "2.9"]
[White "Barsciauskas, Gintautas"]
[Black "Zanetti, Alberto"]
[Result "0-1"]
[WhiteElo "1854"]
[BlackElo "2183"]
[PlyCount "108"]
[EventDate "2011.08.09"]

1. e4 c5 2. Nc3 e6 3. g3 Nc6 4. Bg2 g6 5. d3 Bg7 6. Be3 b6 7. Qd2 Bb7 8. Nge2
Nge7 9. O-O O-O 10. Bh6 d5 11. Bxg7 Kxg7 12. exd5 Nxd5 13. Nxd5 exd5 14. d4
cxd4 15. Nxd4 Ne5 16. Rfe1 Qf6 17. c3 Rad8 18. Rad1 a6 19. f4 Nc4 20. Qf2 Nd6
21. Nf3 Ne4 22. Qd4 Qxd4+ 23. Rxd4 Rc8 24. Ne5 Rc7 25. Red1 b5 26. Bf3 Re8 27.
Kg2 f6 28. Ng4 h5 29. Nf2 f5 30. Nd3 a5 31. a3 Rec8 32. Ne5 Kf6 33. h3 g5 34.
Bxe4 fxe4 35. Kf2 gxf4 36. gxf4 Rg8 37. Rxd5 Bxd5 38. Rxd5 b4 39. axb4 axb4 40.
c4 Rcg7 41. Nd7+ Ke7 42. Nc5 Rg2+ 43. Ke3 Rxb2 44. Re5+ Kd8 45. Rxh5 b3 46.
Nxe4 Rb1 47. Rb5 Rg2 48. Kd3 Rf1 49. Nd2 Rd1 50. Rd5+ Kc7 51. Kc3 b2 52. Rc5+
Kd7 53. Rd5+ Ke7 54. Re5+ Kf7 0-1

[Event "Open A 2011"]
[Site "Panevezys"]
[Date "2011.08.10"]
[Round "2.10"]
[White "Kuvsinov, Anatolij"]
[Black "Zebelis, Rimantas"]
[Result "0-1"]
[WhiteElo "2007"]
[BlackElo "1888"]
[PlyCount "124"]
[EventDate "2011.08.09"]

1. e4 c5 2. Nf3 d6 3. c3 Nf6 4. Bb5+ Bd7 5. Bxd7+ Nbxd7 6. Qe2 Qc7 7. O-O e5 8.
c4 g6 9. d3 h6 10. Nc3 Bg7 11. Ne1 O-O 12. g3 Rfe8 13. Ng2 Nf8 14. Ne3 Ne6 15.
Ncd5 Nxd5 16. Nxd5 Qd8 17. Be3 Nc7 18. Nxc7 Qxc7 19. h4 Qd7 20. Kg2 f5 21. f3
Rf8 22. g4 fxg4 23. fxg4 b5 24. b3 a5 25. Rxf8+ Rxf8 26. cxb5 Qxb5 27. Rf1 Rxf1
28. Kxf1 a4 29. Qc2 axb3 30. Qxb3+ Qxb3 31. axb3 Kf7 32. Ke2 Ke6 33. Kd2 Bf8
34. Kc3 d5 35. Bc1 Kd6 36. b4 cxb4+ 37. Kxb4 Kc6+ 38. Ka5 h5 39. gxh5 gxh5 40.
Bg5 dxe4 41. dxe4 Kc5 42. Ka4 Kd4 43. Kb3 Kxe4 44. Kc2 Bb4 45. Bf6 Bd6 46. Kd2
Kf3 47. Ke1 e4 48. Kf1 Bg3 49. Kg1 e3 50. Bg5 e2 51. Bd2 Bxh4 52. Kh2 Kf2 53.
Bb4 Kf1 54. Kh1 Bg3 55. Ba5 h4 56. Bb4 Bd6 57. Bc3 Bf4 58. Bb4 Kf2 59. Ba5 h3
60. Bb4 Ke3 61. Ba5 Kd3 62. Bb4 Bd2 0-1

[Event "Open A 2011"]
[Site "Panevezys"]
[Date "2011.08.10"]
[Round "2.11"]
[White "Cernavina, Ksenija"]
[Black "Pietinen, Pekka"]
[Result "0-1"]
[WhiteElo "1788"]
[BlackElo "2005"]
[PlyCount "126"]
[EventDate "2011.08.09"]

1. d4 Nf6 2. c4 c5 3. d5 b5 4. cxb5 a6 5. Nc3 d6 6. e4 g6 7. Nf3 Bg7 8. Bd3 O-O
9. O-O Nbd7 10. Qe2 axb5 11. Bxb5 Qb6 12. Bd2 Ne8 13. a4 Nc7 14. Ra3 Nxb5 15.
axb5 Rb8 16. Qe3 Ne5 17. Nxe5 Bxe5 18. Rfa1 f5 19. Rb3 Bd4 20. Qg5 fxe4 21.
Nxe4 Bf5 22. Ng3 Bc2 23. Rf3 Rxf3 24. gxf3 Bf6 25. Qe3 Qxb5 26. Bc3 Qd7 27. Ne4
Bxc3 28. bxc3 Rf8 29. Ng5 Bf5 30. Re1 Kg7 31. c4 h6 32. Qc3+ Rf6 33. Ne4 Bxe4
34. fxe4 Qg4+ 35. Qg3 Rf4 36. Qxg4 Rxg4+ 37. Kh1 Kf6 38. f3 Rh4 39. Kg2 Ke5 40.
Kg3 g5 41. Rd1 Rf4 42. Rd3 h5 43. h3 h4+ 44. Kf2 Rf8 45. Rb3 Kd4 46. Rb7 Rg8
47. f4 gxf4 48. Kf3 Kxc4 49. Kxf4 Kd4 50. Rc7 Rf8+ 51. Kg5 Kxe4 52. Rxe7+ Kxd5
53. Kxh4 Rg8 54. Kh5 c4 55. h4 c3 56. Kh6 Kd4 57. Rc7 d5 58. h5 Kd3 59. Kh7 Rg1
60. h6 c2 61. Ra7 c1=Q 62. Ra1 Qc7+ 63. Kh8 Qd8+ 0-1

[Event "Open A 2011"]
[Site "Panevezys"]
[Date "2011.08.10"]
[Round "2.12"]
[White "Beinoraite, Viktorija"]
[Black "Janulynas, Jonas"]
[Result "1-0"]
[WhiteElo "2001"]
[BlackElo "1814"]
[PlyCount "91"]
[EventDate "2011.08.09"]

1. d4 d5 2. c4 e6 3. Nc3 Nf6 4. cxd5 exd5 5. Bg5 Be7 6. e3 c6 7. Qc2 Nbd7 8.
Bd3 h6 9. Bf4 a6 10. Nge2 c5 11. dxc5 Nxc5 12. O-O Be6 13. Nd4 Rc8 14. Rfd1
Nfe4 15. Bxe4 Nxe4 16. Nxe6 fxe6 17. Qa4+ b5 18. Qxa6 Nxc3 19. bxc3 Qd7 20.
Rab1 Kf7 21. Qxb5 Qxb5 22. Rxb5 Rxc3 23. Be5 Rc2 24. Rb7 Rxa2 25. Rc1 Rha8 26.
g3 R2a7 27. Rbc7 Rxc7 28. Rxc7 Re8 29. Kg2 Kg6 30. h4 h5 31. f3 Bf6 32. Bxf6
Kxf6 33. g4 g6 34. g5+ Ke5 35. Rg7 Kf5 36. Rf7+ Ke5 37. Rf6 d4 38. exd4+ Kxd4
39. Rxg6 e5 40. Rh6 Ke3 41. Rxh5 Rf8 42. g6 Kf4 43. Rg5 Rg8 44. g7 e4 45. fxe4
Kxe4 46. Kg3 1-0

[Event "Open A 2011"]
[Site "Panevezys"]
[Date "2011.08.10"]
[Round "2.13"]
[White "Zito, Riccardo"]
[Black "Novikovas, Anatolijus"]
[Result "0-1"]
[WhiteElo "1730"]
[BlackElo "1979"]
[PlyCount "90"]
[EventDate "2011.08.09"]

1. e4 c5 2. Nf3 e6 3. d4 cxd4 4. Nxd4 Nc6 5. Be2 Qc7 6. c3 Nf6 7. f3 Bc5 8. Be3
d5 9. exd5 Nxd4 10. cxd4 Bb4+ 11. Bd2 Bxd2+ 12. Qxd2 Nxd5 13. Nc3 O-O 14. Nxd5
exd5 15. O-O Qd6 16. Rac1 Bd7 17. Rc5 b6 18. Rc3 Rfe8 19. Rfc1 Rac8 20. Ba6
Rxc3 21. bxc3 b5 22. Bb7 Rb8 23. Bxd5 Qxd5 24. Qf4 Re8 25. Qc7 Qe6 26. Rf1 a6
27. Qa5 h6 28. h3 Rc8 29. Kh2 Qc6 30. Rc1 Qc7+ 31. Qxc7 Rxc7 32. Kg3 Be6 33. a3
a5 34. Kf4 b4 35. axb4 axb4 36. Ke5 Rxc3 37. Rb1 b3 38. f4 Bc4 39. d5 f6+ 40.
Kd4 Rc2 41. d6 Kf7 42. Re1 Be2 43. Rb1 b2 44. Ke3 Ke6 45. f5+ Kxd6 0-1

[Event "Open A 2011"]
[Site "Panevezys"]
[Date "2011.08.10"]
[Round "3.3"]
[White "Milasevicius, Jonas"]
[Black "Sakalauskas, Vaidas"]
[Result "0-1"]
[WhiteElo "1952"]
[BlackElo "2404"]
[PlyCount "138"]
[EventDate "2011.08.09"]

1. d4 d6 2. c4 g6 3. Nc3 Bg7 4. e4 Nf6 5. Nf3 O-O 6. Be2 Na6 7. O-O c6 8. h3 e5
9. dxe5 dxe5 10. Qxd8 Rxd8 11. Bg5 h6 12. Bh4 Re8 13. Rfd1 Nc5 14. Nd2 Ne6 15.
Nb3 Nd7 16. f3 Ndf8 17. Bf2 Nf4 18. Bf1 N8e6 19. Rd2 Bf8 20. a3 Be7 21. Rad1 b6
22. Na1 Nd4 23. Kh2 Nfe6 24. Be3 Bg5 25. Bxg5 hxg5 26. Nc2 Nxc2 27. Rxc2 Nd4
28. Rcd2 Be6 29. Kg3 Kf8 30. Bd3 Nb3 31. Rc2 Rad8 32. Be2 Nd4 33. Rcd2 Nxe2+
34. Nxe2 Rxd2 35. Rxd2 Bxc4 36. Nc3 Ke7 37. Kf2 f6 38. Ke1 Rb8 39. Nd1 Be6 40.
Ne3 c5 41. Rd3 c4 42. Rd2 b5 43. Kd1 a5 44. Kc2 b4 45. Nd5+ Kf7 46. Nc7 bxa3
47. bxa3 Rb3 48. Rd6 Bc8 49. Rc6 Bd7 50. Rxc4 Rxa3 51. Kb2 Re3 52. Nd5 Re2+ 53.
Rc2 Bb5 54. Kc3 Rxc2+ 55. Kxc2 f5 56. g3 Bf1 57. exf5 gxf5 58. Ne3 Bxh3 59. Nc4
Ke6 60. Nxa5 Bg2 61. Kd2 Bxf3 62. Nc4 Bd5 63. Ne3 f4 64. gxf4 exf4 65. Ng4 Bf3
66. Nh2 Bg2 67. Ke2 Kf5 68. Kf2 Bd5 69. Nf1 g4 0-1

[Event "Open A 2011"]
[Site "Panevezys"]
[Date "2011.08.10"]
[Round "3.4"]
[White "Juknis, Paulius"]
[Black "Vanagas, Tadas"]
[Result "1-0"]
[WhiteElo "2140"]
[BlackElo "2081"]
[PlyCount "57"]
[EventDate "2011.08.09"]

1. e4 c5 2. Nc3 Nc6 3. f4 d6 4. Nf3 g6 5. Bb5 Bg7 6. O-O e6 7. Bxc6+ bxc6 8. d3
Ne7 9. e5 d5 10. Na4 Qa5 11. c4 O-O 12. Bd2 Qc7 13. b3 f6 14. Qe2 g5 15. Rae1
gxf4 16. Bxf4 Ng6 17. Bg3 f5 18. Nxc5 f4 19. Bf2 Rf5 20. d4 Bf8 21. Nh4 Rg5 22.
Nxg6 hxg6 23. Bh4 Rf5 24. Qg4 Bxc5 25. dxc5 Qf7 26. Bf6 Rxf6 27. exf6 e5 28.
Qg5 Bf5 29. Rxe5 1-0

[Event "Open A 2011"]
[Site "Panevezys"]
[Date "2011.08.10"]
[Round "3.5"]
[White "Narmontas, Matas"]
[Black "Zanetti, Alberto"]
[Result "1-0"]
[WhiteElo "2387"]
[BlackElo "2183"]
[PlyCount "61"]
[EventDate "2011.08.09"]

1. e4 c5 2. Nf3 e6 3. d4 cxd4 4. Nxd4 a6 5. c4 Nf6 6. Nc3 Qc7 7. Be2 Be7 8. O-O
O-O 9. Be3 d6 10. Rc1 Nbd7 11. f4 b6 12. Bf3 Bb7 13. f5 e5 14. Nb3 Nc5 15. Nd2
Nd3 16. Rb1 b5 17. cxb5 axb5 18. Nxb5 Qa5 19. Nc3 Ba6 20. Nb3 Qc7 21. Qd2 Rfc8
22. Be2 Nxb2 23. Bxa6 Rxa6 24. Rxb2 Qxc3 25. Rc1 Nxe4 26. Rxc3 Rxc3 27. Qe2
Rac6 28. Nd2 Rc1+ 29. Nf1 Ra1 30. Rb8+ Bf8 31. Qb5 1-0

[Event "Open A 2011"]
[Site "Panevezys"]
[Date "2011.08.10"]
[Round "3.6"]
[White "Pietinen, Pekka"]
[Black "Kudzma, Laimonas"]
[Result "1/2-1/2"]
[WhiteElo "2005"]
[BlackElo "2187"]
[PlyCount "96"]
[EventDate "2011.08.09"]

1. e4 c5 2. Nf3 Nf6 3. Nc3 d5 4. Bb5+ Bd7 5. Bxd7+ Qxd7 6. d3 Nc6 7. O-O e6 8.
Bf4 Be7 9. Re1 O-O 10. Ne5 Nxe5 11. Bxe5 b5 12. Bxf6 Bxf6 13. e5 Be7 14. Ne2 f6
15. exf6 Bxf6 16. Rb1 e5 17. Ng3 Qf7 18. Qh5 g6 19. Qf3 Rad8 20. b3 b4 21. Rf1
Bg5 22. Qxf7+ Rxf7 23. Rbe1 Re8 24. Re2 Rfe7 25. Rfe1 Kf7 26. Nf1 h5 27. Nd2
Bf6 28. Kf1 Re6 29. g3 R8e7 30. Kg2 Bg5 31. Nf3 Bf6 32. h4 Ke8 33. Kf1 Kd7 34.
Re3 Re8 35. R1e2 Kd6 36. Ke1 R6e7 37. Kd2 e4 38. dxe4 dxe4 39. Ng5 Kd5 40. f3
exf3 41. Rxe7 Rxe7 42. Nxf3 Bc3+ 43. Kd3 Rxe2 44. Kxe2 c4 45. Ke3 cxb3 46. axb3
Be5 47. Nxe5 Kxe5 48. Kd3 Kd5 1/2-1/2